000 00602cam a22002294a 4500
001 11820147
005 20240201052825.0
008 991026s2000 mau b 001 0 eng
020 _a063121965X (hb : acidfree paper)
020 _a0631219668 (pb : acidfree paper)
040 _aDLC
_cDLC
_dDLC
082 0 0 _a306
_221
_bTERR.
100 1 _aEagleton, Terry,
245 1 4 _aThe idea of culture /
_cTerry Eagleton.
260 _aMalden, MA :
_bBlackwell,
_c2000.
300 _a156 p. ;
650 0 _aCulture.
650 0 _aPostmodernism.
650 0 _aCivilization.
650 0 _aNature.
942 _cL
999 _c261
_d261